Catalog

Record Details

Catalog Search



Rakovina kostí a měkkých tkání  Cover Image Book Book

Rakovina kostí a měkkých tkání / Evžen Skala

Skala, Evžen (Author).

Record details

  • Physical Description: 8 stran ; 21 cm
  • Publisher: Praha : Liga proti rakovině Praha, [2000]

Available copies

  • 1 of 1 copy available at Common Catalog SPOK.

Holds

  • 0 current holds with 1 total copy.
Show Only Available Copies
Location Call Number / Copy Notes Barcode Shelving Location Status Due Date
Hospic Dobrého Pastýře PA
Tematická katagorie: Odborná - paliativní péče (PA)
204595701913 Skříň ve 2. patře (SKŘ) Available -

LDR nam a22 i 4500
00130095
003CZ-PrJAB
00520180305111950.0
007ta
008 s2000 xr e 000 0 cze
040 . ‡aABG312 ‡bcze ‡erda
072 7. ‡a616 ‡xPatologie. Klinická medicína ‡2Konspekt ‡914
1001 . ‡aSkala, Evžen ‡4aut
24510. ‡aRakovina kostí a měkkých tkání / ‡cEvžen Skala
264 1. ‡aPraha : ‡bLiga proti rakovině Praha, ‡c[2000]
300 . ‡a8 stran ; ‡c21 cm
336 . ‡atext ‡btxt ‡2rdacontent
338 . ‡asvazek ‡bnc ‡2rdacarrier
6530 . ‡arakovina kostí ‡ainformační publikace
910 . ‡aBNE702
901 . ‡a30095 ‡b ‡c30095 ‡tbiblio

Additional Resources